LEADER 00763nam0-2200265 --450 001 9910168050303321 005 20200525103338.0 017 70$a33848$2U 020 $aIT$b1949 8951 100 $a20170424d1945----km y0itay50 ba 101 0 $aita 102 $aIT 105 $aa 001yy 200 1 $a<>arredamento moderno$eterza serie$etrecento artisti, venti nazioni, ottocentocinque illustrazioni$fRoberto Aloi 210 $aMilano$cU. Hoepli$d1945 215 $a805 p.$cill.$d28 cm 700 1$aAloi,$bRoberto$02141 801 0$aIT$bUNINA$gREICAT$2UNIMARC 901 0$aBK 912 $a9910168050303321 952 0$aC 778 CAN$b337$fDARPU 952 $aRGT 500$b260$fDARPU 959 0$aDARPU 996 $aArredamento moderno$974111 997 $aUNINA LEADER 01053nam a22002891i 4500 001 991004171099707536 005 20031013093839.0 008 031111s1988 it |||||||||||||||||ita 035 $ab12535837-39ule_inst 035 $aARCHE-056910$9ExL 040 $aDip.to Lingue$bita$cA.t.i. Arché s.c.r.l. Pandora Sicilia s.r.l. 082 04$a809.33 245 00$aLetteratura [!] anglofone /$ca cura di Gianfranco Rubino e Carlo Pagetti 260 $aRoma :$bBulzoni,$c1988 300 $a135 p. ;$c21 cm 440 0$aDimore narrate ;$v2 440 0$aProteo ;$v1 650 4$aRomanzo dell'immaginario$ySec. 20. 650 4$aCasa nella letteratura narrativa$ySec. 20. 700 1 $aRubino, Gianfranco 700 1 $aPagetti, Carlo 907 $a.b12535837$b02-04-14$c13-11-03 912 $a991004171099707536 945 $aLE012 809.33 PAG 2$cV. 2$g1$i2012000159242$lle012$o-$pE0.00$q-$rl$s- $t0$u1$v0$w1$x0$y.i12980626$z13-11-03 996 $aLetteratura anglofone$9172969 997 $aUNISALENTO 998 $ale012$b13-11-03$cm$da $e-$fita$git $h0$i1